[Event "Ceske Budejovice op-A"]
[Site "Ceske Budejovice"]
[Date "2023.07.02"]
[Round "2"]
[White "Lutz, Rene"]
[Black "Slampa, Jan"]
[Result "0-1"]
[WhiteElo "2005"]
[BlackElo "2227"]
[PlyCount "76"]
[EventDate "2023.07.01"]
[EventType "swiss"]
[EventRounds "9"]
[EventCountry "CZE"]
[SourceTitle "CBM 215 Extra"]
[Source "ChessBase"]
[SourceDate "2023.09.30"]
[SourceVersion "1"]
[SourceVersionDate "2023.09.30"]
[SourceQuality "1"]

1. d4 Nf6 2. c4 g6 3. Nc3 Bg7 4. e4 d6 5. f4 c5 6. d5 0-0 7. Nf3 e6 8. dxe6 fxe6 9. Bd3 Nc6 10. 0-0 Nd4 11. Bd2 a6 12. Ng5 e5 13. f5 h6 14. Nh3 gxf5 15. exf5 Rb8 16. g4 Nh7 17. Qe1 b5 18. b3 Bb7 19. Be4 Bxe4 20. Qxe4 Qh4 21. Qg2 bxc4 22. Be1 Qd8 23. bxc4 Rf7 24. Nd5 Bf6 25. Bd2 Rb2 26. Rf2 Bh4 27. Bxh6 Bxf2+ 28. Nxf2 Qh4 29. Be3 Rfb7 30. Rf1 Ng5 31. Nf6+ Kf8 32. Bxg5 Qxg5 33. N6e4 Qf4 34. Qh3 Ne2+ 35. Kh1 Rh7 36. Qg2 Rbb7 37. Re1 Rxh2+ 38. Qxh2 Qf3+ 0-1

[Event "CZE-chT2B 2223"]
[Site "Czech Republic"]
[Date "2023.02.19"]
[Round "9.1"]
[White "Slampa, Jan"]
[Black "Hrbolka, Ladislav"]
[Result "1-0"]
[WhiteElo "2208"]
[BlackElo "2122"]
[PlyCount "67"]
[EventDate "2022.10.16"]
[EventType "team-tourn"]
[EventRounds "11"]
[EventCountry "CZE"]
[SourceTitle "EXT 2024"]
[Source "ChessBase"]
[SourceDate "2023.10.10"]
[SourceVersion "1"]
[SourceVersionDate "2023.10.10"]
[SourceQuality "1"]
[WhiteTeam "Udlice"]
[BlackTeam "Litomerice II"]
[WhiteTeamCountry "CZE"]
[BlackTeamCountry "CZE"]

1. d4 Nf6 2. c4 g6 3. Nc3 Bg7 4. e4 d6 5. h3 0-0 6. Be3 e5 7. d5 a5 8. g4 Na6 9. Nge2 c6 10. Ng3 cxd5 11. cxd5 Nd7 12. h4 Ndc5 13. h5 a4 14. f3 Bd7 15. Qd2 Qe7 16. Qh2 Bf6 17. g5 Bh8 18. Be2 b5 19. Kf2 Rab8 20. Rag1 b4 21. Nb1 Rb7 22. Nd2 Bc8 23. Nf5 gxf5 24. g6 f4 25. Bxc5 Nxc5 26. g7 Rd8 27. h6 Qf6 28. Nc4 Re7 29. gxh8Q+ Kxh8 30. Rg7 Ba6 31. Rhg1 Bxc4 32. Bxc4 Ree8 33. R1g5 Rg8 34. Rf5 1-0

[Event "Prague Summer op 9th"]
[Site "Prague"]
[Date "2022.08.06"]
[Round "2"]
[White "Gonzalez Santamartina, Jorge"]
[Black "Slampa, Jan"]
[Result "1/2-1/2"]
[WhiteElo "2022"]
[BlackElo "2250"]
[PlyCount "69"]
[EventDate "2022.08.05"]
[EventType "swiss"]
[EventRounds "9"]
[EventCountry "CZE"]
[SourceTitle "CBM 209 Extra"]
[Source "ChessBase"]
[SourceDate "2022.09.30"]
[SourceVersion "1"]
[SourceVersionDate "2022.09.30"]
[SourceQuality "1"]

1. c4 c5 2. Nf3 Nc6 3. d4 cxd4 4. Nxd4 g6 5. e4 Bg7 6. Be3 d6 7. Nc3 Bd7 8. Be2 Nf6 9. 0-0 0-0 10. Qd2 Rc8 11. f3 b6 12. b3 Nxd4 13. Bxd4 Bc6 14. Rfd1 Rc7 15. Rac1 Qa8 16. Nd5 Bxd5 17. cxd5 Rfc8 18. Be3 Nd7 19. Ba6 Rxc1 20. Rxc1 Rxc1+ 21. Qxc1 Nc5 22. Bb5 a5 23. Qc4 Bb2 24. Kf2 Qf8 25. b4 axb4 26. Qxb4 Qg7 27. Be2 Qf6 28. Kg1 Nd7 29. Kh1 Bc3 30. Qc4 Nc5 31. Qb5 Ba5 32. Bf1 h5 33. Qc4 h4 34. Qd4 Qxd4 35. Bxd4 1/2-1/2

[Event "Pardubice Czech op-E 33rd"]
[Site "Pardubice"]
[Date "2022.07.17"]
[Round "7.1"]
[White "Slampa, Jan"]
[Black "Kacirek, Petr"]
[Result "1/2-1/2"]
[WhiteElo "2254"]
[BlackElo "2245"]
[PlyCount "76"]
[EventDate "2022.07.14"]
[EventType "team-swiss"]
[EventRounds "7"]
[EventCountry "CZE"]
[SourceTitle "CBM 209 Extra"]
[Source "ChessBase"]
[SourceDate "2022.09.30"]
[SourceVersion "1"]
[SourceVersionDate "2022.09.30"]
[SourceQuality "1"]
[WhiteTeam "Slepa Veverka"]
[BlackTeam "Rychnov nad Kneznou Panda"]
[WhiteTeamCountry "CZE"]
[BlackTeamCountry "CZE"]

1. d4 e6 2. c4 d5 3. Nc3 c6 4. Nf3 f5 5. Bf4 Nf6 6. e3 Be7 7. Bd3 0-0 8. Qc2 b6 9. h3 Ba6 10. b3 Ne4 11. 0-0 Nd7 12. Ne2 Rc8 13. a4 Bb4 14. a5 bxa5 15. c5 Bxd3 16. Qxd3 g5 17. Bh2 g4 18. hxg4 fxg4 19. Ne5 g3 20. Bxg3 Nxg3 21. Nxg3 Nxe5 22. dxe5 Qg5 23. Qd4 Rc7 24. Ne2 Rg7 25. g3 Qh5 26. Ra2 Qf3 27. Nf4 Rf5 28. Rc2 Rgg5 29. Qd1 Qe4 30. Ng2 Rg7 31. f3 Qxe5 32. g4 Rf8 33. Qd3 Qf6 34. Nf4 Qe7 35. Nh5 Rg6 36. Nf4 Rg7 37. Nh5 Rg6 38. Nf4 Rg5 1/2-1/2

[Event "CZE-chT1W 2122"]
[Site "Czech Republic"]
[Date "2022.02.20"]
[Round "9.1"]
[White "Slampa, Jan"]
[Black "Richtrova, Eliska"]
[Result "1/2-1/2"]
[WhiteElo "2283"]
[BlackElo "2199"]
[PlyCount "147"]
[EventDate "2021.10.10"]
[EventType "team-tourn"]
[EventRounds "11"]
[EventCountry "CZE"]
[SourceTitle "EXT 2023"]
[Source "ChessBase"]
[SourceDate "2022.10.05"]
[SourceVersion "1"]
[SourceVersionDate "2022.10.05"]
[SourceQuality "1"]
[WhiteTeam "Unichess"]
[BlackTeam "Ceske Budejovice"]
[WhiteTeamCountry "CZE"]
[BlackTeamCountry "CZE"]

1. d4 Nf6 2. c4 d6 3. Nc3 e5 4. d5 Be7 5. e4 0-0 6. Bd3 h6 7. Nge2 Nh7 8. Ng3 Bg5 9. 0-0 a5 10. a3 Na6 11. Bc2 Nc5 12. Rb1 g6 13. b4 Nd7 14. Nb5 b6 15. Ba4 Ba6 16. h4 Bxc1 17. Qxc1 h5 18. Bd1 Qxh4 19. Nxc7 Ra7 20. Nxa6 Rxa6 21. Rb3 Nhf6 22. Qh6 Qf4 23. Qxf4 exf4 24. Ne2 Nxe4 25. Re1 axb4 26. axb4 Nd2 27. Rc3 Ne5 28. Nxf4 Ndxc4 29. Rg3 Ra1 30. Kh2 Nb2 31. Re2 Nxd1 32. Nxh5 Kh7 33. f4 Nc4 34. Nf6+ Kg7 35. Ne8+ Rxe8 36. Rxe8 Nf2 37. Rc3 Nd2 38. Rc7 Nf1+ 39. Kg1 Ng4 40. Rec8 Rd1 41. Rc1 Rxc1 42. Rxc1 Nfe3 43. Rc6 Nxd5 44. Rxd6 Ngf6 45. g3 Kf8 46. Kh2 Ke7 47. Rc6 Kd7 48. Rc4 Ng4+ 49. Kh3 Nge3 50. Re4 Nc2 51. Kh4 Ncxb4 52. Kg5 Nc6 53. Kh6 Nce7 54. g4 f5 55. gxf5 gxf5 56. Rc4 b5 57. Rc5 b4 58. Kg5 Kd6 59. Rc1 Nc3 60. Kf6 Ne4+ 61. Kf7 Nf2 62. Rb1 Nd5 63. Rxb4 Nxb4 64. Kf6 Nd5+ 65. Kxf5 Ne7+ 66. Kg5 Ne4+ 67. Kg4 Nf6+ 68. Kg5 Ke6 69. f5+ Ke5 70. Kh6 Ned5 71. Kg6 Nc3 72. Kg5 Ne2 73. Kg6 Nf4+ 74. Kf7 1/2-1/2

[Event "CZE-chT1W 2122"]
[Site "Czech Republic"]
[Date "2022.02.06"]
[Round "8.6"]
[White "Slampa, Jan"]
[Black "Docekal, Jan"]
[Result "1-0"]
[WhiteElo "2283"]
[BlackElo "2225"]
[PlyCount "97"]
[EventDate "2021.10.10"]
[EventType "team-tourn"]
[EventRounds "11"]
[EventCountry "CZE"]
[SourceTitle "EXT 2023"]
[Source "ChessBase"]
[SourceDate "2022.10.05"]
[SourceVersion "1"]
[SourceVersionDate "2022.10.05"]
[SourceQuality "1"]
[WhiteTeam "Unichess"]
[BlackTeam "Vysehrad SK Sokol"]
[WhiteTeamCountry "CZE"]
[BlackTeamCountry "CZE"]

1. d4 c5 2. d5 e6 3. c4 exd5 4. cxd5 d6 5. Nc3 Nf6 6. e4 g6 7. f4 Bg7 8. Bb5+ Nfd7 9. a4 0-0 10. Nf3 Na6 11. 0-0 Nb4 12. Re1 Nf6 13. h3 Rb8 14. Bc4 Re8 15. e5 Nd7 16. e6 Nf8 17. f5 gxf5 18. Ng5 fxe6 19. dxe6 Qe7 20. Nd5 Nxd5 21. Qxd5 h6 22. Qxf5 Bf6 23. Nf7 Bxe6 24. Bxe6 Nxe6 25. Qg6+ Bg7 26. Nxh6+ Kh8 27. Bg5 Nf8 28. Qh5 Qxe1+ 29. Rxe1 Rxe1+ 30. Kf2 Re6 31. Nf5+ Kg8 32. Ne7+ Rxe7 33. Bxe7 b5 34. Qd5+ Kh8 35. Bxd6 Rd8 36. axb5 c4 37. g4 Nh7 38. Qc6 Ng5 39. Be7 Nxh3+ 40. Kg3 Rd3+ 41. Kh4 Nf4 42. Kg5 Nd5 43. Qxc4 Rd4 44. Qc8+ Kh7 45. Qf5+ Kh8 46. Bc5 Rd1 47. Kg6 Nf6 48. g5 Ng8 49. Qh3+ 1-0

[Event "Prague Summer op 7th"]
[Site "Prague"]
[Date "2020.08.15"]
[Round "9"]
[White "Slampa, Jan"]
[Black "Marakovits, Nico"]
[Result "1-0"]
[WhiteElo "2264"]
[BlackElo "2105"]
[PlyCount "77"]
[EventDate "2020.08.08"]
[EventType "swiss"]
[EventRounds "9"]
[EventCountry "CZE"]
[SourceTitle "CBM 197 Extra"]
[Source "ChessBase"]
[SourceDate "2020.09.30"]
[SourceVersion "1"]
[SourceVersionDate "2020.09.30"]
[SourceQuality "1"]

1. e4 c5 2. Nf3 Nc6 3. Nc3 e5 4. Bc4 d6 5. d3 Be7 6. Be3 Nf6 7. h3 h6 8. a3 a6 9. Nd5 Nd4 10. Nh2 Nxd5 11. Bxd5 0-0 12. c3 Ne6 13. Qd2 Bg5 14. 0-0 Bxe3 15. fxe3 Nc7 16. Ba2 Be6 17. b4 cxb4 18. axb4 d5 19. exd5 Bxd5 20. c4 Be6 21. Qc3 Qg5 22. Rf3 Rac8 23. Kh1 Nb5 24. Qe1 Nd6 25. Rg3 Qe7 26. e4 b5 27. c5 Ne8 28. Ng4 Bxg4 29. Rxg4 Nf6 30. Qh4 Rc7 31. Rg3 Kh7 32. Rf1 a5 33. Rgf3 Rc6 34. g4 Nd5 35. Qxe7 Nxe7 36. Rxf7 Rxf7 37. Rxf7 Ng6 38. Bd5 Rc8 39. Bb7 1-0

[Event "Prague Summer op 7th"]
[Site "Prague"]
[Date "2020.08.10"]
[Round "4"]
[White "Plat, Vojtech"]
[Black "Slampa, Jan"]
[Result "1-0"]
[WhiteElo "2566"]
[BlackElo "2264"]
[PlyCount "177"]
[EventDate "2020.08.08"]
[EventType "swiss"]
[EventRounds "9"]
[EventCountry "CZE"]
[SourceTitle "CBM 197 Extra"]
[Source "ChessBase"]
[SourceDate "2020.09.30"]
[SourceVersion "1"]
[SourceVersionDate "2020.09.30"]
[SourceQuality "1"]

1. e4 c6 2. Nf3 d5 3. d3 Bg4 4. h3 Bxf3 5. Qxf3 e6 6. Nd2 Nd7 7. g3 Ngf6 8. Qe2 dxe4 9. dxe4 Qc7 10. Bg2 Bc5 11. a4 a6 12. Nc4 e5 13. 0-0 0-0 14. a5 Rfe8 15. c3 Rad8 16. Rd1 Nf8 17. Bg5 Qe7 18. b4 Ba7 19. Be3 Bxe3 20. Qxe3 h5 21. h4 Qe6 22. Qe2 N8h7 23. Ne3 g6 24. Qc4 Qe7 25. Bf3 Nf8 26. Kg2 Ne6 27. Qe2 Nc7 28. Nc4 Nb5 29. Qe3 Qe6 30. Be2 Kg7 31. f3 Nh7 32. Rd2 Rxd2 33. Qxd2 c5 34. bxc5 Rc8 35. Nd6 Rxc5 36. Bxb5 axb5 37. Nxb7 Rc7 38. a6 Rd7 39. Qe2 Qe8 40. Rd1 Rxd1 41. Qxd1 Qe6 42. Qa1 Qc4 43. Kf2 b4 44. cxb4 Qc2+ 45. Kg1 Qd3 46. Qf1 Qd4+ 47. Qf2 Qa1+ 48. Qf1 Qd4+ 49. Kg2 Qxb4 50. Qf2 Nf6 51. Qa2 Ne8 52. Nd8 Qe7 53. a7 Nc7 54. a8Q Nxa8 55. Qxa8 Qc7 56. Qd5 Qc2+ 57. Kf1 Qc1+ 58. Ke2 Qc2+ 59. Qd2 Qc8 60. Kf2 Qc5+ 61. Kg2 Qc8 62. Kh2 Qc7 63. g4 hxg4 64. fxg4 Qe7 65. g5 Qc7 66. Qd5 Qc2+ 67. Kg3 Qc3+ 68. Kg4 Qc8+ 69. Ne6+ fxe6 70. Qxe5+ Kh7 71. h5 gxh5+ 72. Kxh5 Qe8+ 73. Kg4 Qd7 74. Qh2+ Kg8 75. g6 Qd1+ 76. Kg5 Qd8+ 77. Kh6 Qf8+ 78. Kh5 Qf6 79. Qb8+ Kg7 80. Qc7+ Kg8 81. Qf7+ Qxf7 82. gxf7+ Kxf7 83. e5 Kg7 84. Kg5 Kf7 85. Kh6 Kf8 86. Kg6 Ke7 87. Kg7 Ke8 88. Kf6 Kf8 89. Kxe6 1-0

[Event "CZE-chT1W 1920"]
[Site "Czech Republic"]
[Date "2020.03.01"]
[Round "9.2"]
[White "Pilar, Miloslav"]
[Black "Slampa, Jan"]
[Result "0-1"]
[WhiteElo "2050"]
[BlackElo "2240"]
[PlyCount "100"]
[EventDate "2019.10.20"]
[EventType "team-tourn"]
[EventRounds "11"]
[EventCountry "CZE"]
[SourceTitle "CBM 195 Extra"]
[Source "ChessBase"]
[SourceDate "2020.05.31"]
[SourceVersion "1"]
[SourceVersionDate "2020.05.31"]
[SourceQuality "1"]
[WhiteTeam "Vysehrad"]
[BlackTeam "Unichess"]
[WhiteTeamCountry "CZE"]
[BlackTeamCountry "CZE"]

1. d4 Nf6 2. Nf3 g6 3. c4 Bg7 4. Nc3 0-0 5. g3 c5 6. Bg2 cxd4 7. Nxd4 Nc6 8. 0-0 Qb6 9. Nxc6 dxc6 10. Qc2 Be6 11. b3 Bf5 12. e4 Nxe4 13. Bxe4 Bxe4 14. Qxe4 Bxc3 15. Rb1 Bf6 16. Be3 Qa5 17. Qc2 Rfd8 18. Rbd1 a6 19. Kg2 Rxd1 20. Rxd1 Rd8 21. h4 e6 22. Rxd8+ Qxd8 23. Qe4 h5 24. Qc2 Qd6 25. Bf4 Qd7 26. Qe2 Bd4 27. Qe4 c5 28. Bg5 Kg7 29. Bf4 f6 30. Bc1 e5 31. Qd3 Qc6+ 32. f3 Kf7 33. Qe4 Qxe4 34. fxe4 Ke6 35. Kf3 Bc3 36. Be3 b6 37. Ke2 f5 38. Kf3 Be1 39. Bg5 fxe4+ 40. Kxe4 Bxg3 41. Bd8 Kd6 42. Kf3 Be1 43. Ke2 Ba5 44. Ke3 Kd7 45. Bg5 b5 46. Ke4 Ke6 47. Be3 bxc4 48. bxc4 Be1 49. Bg5 Bg3 50. Kf3 Bf4 0-1

[Event "CZE-chT2B 1920"]
[Site "Czech Republic"]
[Date "2019.12.15"]
[Round "5.2"]
[White "Slampa, Jan"]
[Black "Slovak, Kilian"]
[Result "0-1"]
[WhiteElo "2240"]
[BlackElo "2189"]
[PlyCount "84"]
[EventDate "2019.10.13"]
[EventType "team-tourn"]
[EventRounds "11"]
[EventCountry "CZE"]
[SourceTitle "EXT 2024"]
[Source "ChessBase"]
[SourceDate "2023.10.10"]
[SourceVersion "1"]
[SourceVersionDate "2023.10.10"]
[SourceQuality "1"]
[WhiteTeam "Udlice"]
[BlackTeam "Kobylisy"]
[WhiteTeamCountry "CZE"]
[BlackTeamCountry "CZE"]

1. d4 Nf6 2. c4 g6 3. Nc3 Bg7 4. e4 0-0 5. Be3 d6 6. f3 Nc6 7. Nge2 a6 8. Qd2 Bd7 9. g4 b5 10. cxb5 axb5 11. Nxb5 Na5 12. Ng3 Nb3 13. Qd1 Nxa1 14. Qxa1 c6 15. Nc3 Qb6 16. h3 e5 17. Nge2 Rfb8 18. Nd1 Qb4+ 19. Bd2 Qb3 20. axb3 Rxa1 21. dxe5 dxe5 22. Nc1 Ne8 23. Rh2 Nd6 24. b4 Be6 25. Be3 Nb5 26. Bxb5 Rxb5 27. Rd2 h6 28. Rd6 Rxb4 29. Rxc6 Bf8 30. Bd2 Rb8 31. h4 Kh7 32. h5 gxh5 33. gxh5 Be7 34. Nd3 Rg8 35. Ke2 Rg2+ 36. N1f2 Bg5 37. Bc3 Bb3 38. Rc7 Bd1+ 39. Kf1 Bxf3+ 40. Ne1 Kg8 41. Bxe5 Rxe1+ 42. Kxe1 Rg1# 0-1

[Event "CZE-chT1W 1920"]
[Site "Czech Republic"]
[Date "2019.12.08"]
[Round "4.3"]
[White "Jelinek, Michal"]
[Black "Slampa, Jan"]
[Result "0-1"]
[WhiteElo "2125"]
[BlackElo "2240"]
[PlyCount "84"]
[EventDate "2019.10.20"]
[EventType "team-tourn"]
[EventRounds "11"]
[EventCountry "CZE"]
[SourceTitle "CBM 193 Extra"]
[Source "ChessBase"]
[SourceDate "2020.01.31"]
[SourceVersion "1"]
[SourceVersionDate "2020.01.31"]
[SourceQuality "1"]
[WhiteTeam "Praha Oaza"]
[BlackTeam "Unichess"]
[WhiteTeamCountry "CZE"]
[BlackTeamCountry "CZE"]

1. d4 Nf6 2. c4 g6 3. Nf3 Bg7 4. e3 0-0 5. Be2 c5 6. d5 e6 7. 0-0 exd5 8. cxd5 d6 9. Nc3 Na6 10. a3 Bd7 11. Rb1 Rc8 12. Bd2 Nc7 13. e4 b5 14. b4 c4 15. Re1 Re8 16. Bf1 Ng4 17. h3 Ne5 18. Nxe5 Bxe5 19. f4 Bd4+ 20. Kh1 f5 21. Qf3 Qf6 22. Rbd1 Re7 23. e5 dxe5 24. d6 Qxd6 25. fxe5 Qb6 26. Nd5 Nxd5 27. Qxd5+ Be6 28. Qd6 Rd7 29. Qxb6 Bxb6 30. Bg5 Kf7 31. Be2 Bd4 32. Bf3 Bb2 33. Rxd7+ Bxd7 34. Rd1 Be6 35. Bb7 Rc7 36. Ba6 c3 37. Bc1 c2 38. Re1 Bc3 39. Re2 Rd7 40. Rxc2 Rd1+ 41. Kh2 Bxe5+ 42. g3 Bd5 0-1

[Event "Prague Summer op-A 6th"]
[Site "Prague"]
[Date "2019.08.08"]
[Round "8"]
[White "Plischki, Sebastian"]
[Black "Slampa, Jan"]
[Result "1-0"]
[WhiteElo "2391"]
[BlackElo "2245"]
[PlyCount "57"]
[EventDate "2019.08.02"]
[EventType "swiss"]
[EventRounds "9"]
[EventCountry "CZE"]
[SourceTitle "CBM 191 Extra"]
[Source "ChessBase"]
[SourceDate "2019.09.30"]
[SourceVersion "1"]
[SourceVersionDate "2019.09.30"]
[SourceQuality "1"]

1. d4 d5 2. c4 c6 3. cxd5 cxd5 4. Bf4 Nf6 5. e3 Nc6 6. Nc3 e6 7. Bd3 Be7 8. h3 0-0 9. Nf3 a6 10. 0-0 b5 11. a4 b4 12. Nb1 Bb7 13. Nbd2 Na5 14. Qe2 Qb6 15. Ne5 Rfc8 16. Bg5 Qd8 17. Rfc1 h6 18. Bh4 Nd7 19. Nxd7 Qxd7 20. Bxe7 Qxe7 21. Qf1 Qd7 22. Rxc8+ Qxc8 23. Rc1 Qd7 24. Rc5 Qxa4 25. Qc1 Nb3 26. Nxb3 Qxb3 27. Bc2 Qa2 28. Rc7 g6 29. Bb1 1-0

[Event "Prague Summer op-A 6th"]
[Site "Prague"]
[Date "2019.08.06"]
[Round "6"]
[White "Beukes, Dante M"]
[Black "Slampa, Jan"]
[Result "1/2-1/2"]
[WhiteElo "2130"]
[BlackElo "2245"]
[PlyCount "54"]
[EventDate "2019.08.02"]
[EventType "swiss"]
[EventRounds "9"]
[EventCountry "CZE"]
[SourceTitle "CBM 191 Extra"]
[Source "ChessBase"]
[SourceDate "2019.09.30"]
[SourceVersion "1"]
[SourceVersionDate "2019.09.30"]
[SourceQuality "1"]

1. e4 c5 2. Nf3 e6 3. d4 cxd4 4. Nxd4 Nc6 5. Nc3 Qc7 6. Be3 a6 7. Qf3 b5 8. Nxc6 Qxc6 9. Bd3 Bb7 10. 0-0-0 d6 11. Qg3 Nf6 12. f3 Rc8 13. Kb1 Nd7 14. Rhe1 Nc5 15. Qf2 Be7 16. Bxc5 Qxc5 17. Qxc5 Rxc5 18. a4 Bf6 19. axb5 Bxc3 20. bxc3 axb5 21. Kb2 Ke7 22. Ra1 Rhc8 23. Ra7 R8c7 24. Rea1 Kd7 25. R1a5 Kc6 26. Ra1 Kb6 27. R7a3 g6 1/2-1/2

[Event "Prague Summer op-A 6th"]
[Site "Prague"]
[Date "2019.08.05"]
[Round "5"]
[White "Slampa, Jan"]
[Black "Flak, Pawel"]
[Result "1/2-1/2"]
[WhiteElo "2245"]
[BlackElo "2198"]
[PlyCount "87"]
[EventDate "2019.08.02"]
[EventType "swiss"]
[EventRounds "9"]
[EventCountry "CZE"]
[SourceTitle "CBM 191 Extra"]
[Source "ChessBase"]
[SourceDate "2019.09.30"]
[SourceVersion "1"]
[SourceVersionDate "2019.09.30"]
[SourceQuality "1"]

1. c4 e6 2. Nc3 d5 3. d4 Nf6 4. cxd5 exd5 5. Bg5 c6 6. Qc2 Be7 7. e3 0-0 8. Bd3 Nbd7 9. Nge2 Re8 10. 0-0 Nf8 11. f3 Be6 12. Rae1 Rc8 13. e4 h6 14. Bxf6 Bxf6 15. e5 Bh4 16. g3 Be7 17. Qd2 Qd7 18. Nf4 Bf5 19. Rd1 Bxd3 20. Qxd3 Ne6 21. Nxe6 fxe6 22. Ne2 Rf8 23. Qg6 Rce8 24. Nf4 Bg5 25. Nh3 Bd8 26. Kh1 Qf7 27. Qd3 Qf5 28. Nf4 Qxd3 29. Rxd3 Rf7 30. Kg2 Rf5 31. Ne2 Bb6 32. b4 Rb8 33. Nc3 Rf7 34. Na4 Bd8 35. Rb1 Rc7 36. Ra3 a6 37. Nc5 Kf7 38. Rab3 Be7 39. a4 a5 40. b5 Bxc5 41. dxc5 Kg6 42. b6 Rf7 43. Rd3 Kh7 44. Re1 1/2-1/2

[Event "Pardubice Czech op-E 30th"]
[Site "Pardubice"]
[Date "2019.07.12"]
[Round "3.5"]
[White "Valderrama Quiceno, Esteban Alberto"]
[Black "Slampa, Jan"]
[Result "1-0"]
[WhiteElo "2423"]
[BlackElo "2266"]
[PlyCount "165"]
[EventDate "2019.07.11"]
[EventType "team-swiss"]
[EventRounds "7"]
[EventCountry "CZE"]
[SourceTitle "EXT 2020"]
[Source "ChessBase"]
[SourceDate "2019.10.17"]
[SourceVersion "1"]
[SourceVersionDate "2019.10.17"]
[SourceQuality "1"]
[WhiteTeam "Antioquia"]
[BlackTeam "Never More"]
[WhiteTeamCountry "COL"]
[BlackTeamCountry "CZE"]

1. Nf3 Nf6 2. c4 g6 3. g3 Bg7 4. Bg2 c5 5. 0-0 Nc6 6. d4 cxd4 7. Nxd4 0-0 8. Nc3 Qb6 9. Nb3 d6 10. Be3 Qd8 11. h3 Be6 12. Nd5 Qd7 13. Kh2 Ne5 14. Nd2 Rfc8 15. b3 Bxd5 16. cxd5 Qb5 17. Ne4 Nfg4+ 18. hxg4 Nxg4+ 19. Kg1 Nxe3 20. fxe3 f5 21. Ng5 Bxa1 22. Qxa1 Qxe2 23. Re1 Qd2 24. Ne6 Rc3 25. Re2 Rc1+ 26. Kh2 Rxa1 27. Rxd2 Rc8 28. e4 fxe4 29. Bxe4 Re1 30. Bd3 a6 31. a4 Re3 32. Bc4 b5 33. axb5 axb5 34. Bxb5 Rxb3 35. Ba4 Ra3 36. Bc6 Rc3 37. Rf2 Re3 38. Bd7 Rb8 39. Kh3 h6 40. Kh2 Reb3 41. Kh3 Re3 42. Kg2 g5 43. Nd4 Rb4 44. Be6+ Kh7 45. Bf5+ Kg7 46. Nc2 Reb3 47. Nxb4 Rxb4 48. Be6 Rb7 49. g4 Ra7 50. Rf5 Rb7 51. Kf3 Ra7 52. Ke3 Rb7 53. Rf1 Ra7 54. Kd3 Rc7 55. Kd4 Ra7 56. Kc4 Kg6 57. Kb4 Rc7 58. Kb5 Rc5+ 59. Kb6 h5 60. Bf7+ Kh6 61. gxh5 g4 62. Rg1 Rc4 63. Kb7 Kg5 64. Rh1 Kh6 65. Re1 g3 66. Rg1 Rc3 67. Be8 Kg5 68. Rh1 Kh6 69. Bc6 g2 70. Rg1 Rg3 71. Be8 Kg5 72. Kc7 Kf6 73. Kd7 Rg4 74. Bg6 Rg5 75. Be4 Rxh5 76. Rxg2 Rh4 77. Rg6+ Kf7 78. Re6 Rh8 79. Bg6+ Kg7 80. Kxe7 Rh6 81. Rxd6 Rxg6 82. Rxg6+ Kxg6 83. d6 1-0

[Event "CZE-chT2B 1819"]
[Site "Czech Republic"]
[Date "2019.03.31"]
[Round "11.2"]
[White "Slampa, Jan"]
[Black "Spicka, Jan"]
[Result "1-0"]
[WhiteElo "2231"]
[BlackElo "1899"]
[PlyCount "65"]
[EventDate "2018.10.14"]
[EventType "team-tourn"]
[EventRounds "11"]
[EventCountry "CZE"]
[SourceTitle "EXT 2022"]
[Source "ChessBase"]
[SourceDate "2021.10.06"]
[SourceVersion "1"]
[SourceVersionDate "2021.10.06"]
[SourceQuality "1"]
[WhiteTeam "Udlice"]
[BlackTeam "Karlovy Vary Tietz II"]
[WhiteTeamCountry "CZE"]
[BlackTeamCountry "CZE"]

1. d4 Nf6 2. c4 g6 3. Nc3 Bg7 4. e4 d6 5. f3 0-0 6. Be3 Nbd7 7. Qd2 c5 8. Nge2 Qa5 9. Nc1 cxd4 10. Bxd4 a6 11. Be2 Nb8 12. Nb3 Qh5 13. h4 Bh6 14. Qd3 Bf4 15. g4 Qh6 16. g5 Bxg5 17. hxg5 Qxh1+ 18. Kd2 Qh4 19. gxf6 e5 20. Be3 Be6 21. Qxd6 Nc6 22. Nd5 Rfd8 23. Qc7 Rd7 24. Qb6 Bxd5 25. cxd5 Rb8 26. Nc5 Rdd8 27. Nxb7 Qxf6 28. Rc1 Rxb7 29. Qxb7 Nd4 30. Rc8 Rxc8 31. Qxc8+ Kg7 32. Bxd4 exd4 33. Qxa6 1-0

[Event "CZE-chT2B 1819"]
[Site "Czech Republic"]
[Date "2019.03.17"]
[Round "10.2"]
[White "Sprenar, Petr"]
[Black "Slampa, Jan"]
[Result "1-0"]
[WhiteElo "2231"]
[BlackElo "2231"]
[PlyCount "119"]
[EventDate "2018.10.14"]
[EventType "team-tourn"]
[EventRounds "11"]
[EventCountry "CZE"]
[SourceTitle "EXT 2022"]
[Source "ChessBase"]
[SourceDate "2021.10.06"]
[SourceVersion "1"]
[SourceVersionDate "2021.10.06"]
[SourceQuality "1"]
[WhiteTeam "Karlovy Vary Tietz"]
[BlackTeam "Udlice"]
[WhiteTeamCountry "CZE"]
[BlackTeamCountry "CZE"]

1. d4 Nf6 2. Nf3 g6 3. g3 Bg7 4. Bg2 0-0 5. 0-0 d5 6. c4 dxc4 7. Na3 a6 8. Ne5 Nd5 9. Naxc4 c6 10. a4 Nd7 11. Nxd7 Bxd7 12. Bd2 Be6 13. e3 Nc3 14. Bxc3 Bxc4 15. Re1 Qb6 16. Qc2 Bd5 17. a5 Qb5 18. Bf1 Bb3 19. Qd2 Qf5 20. Bd3 Qd7 21. Ra3 Be6 22. Bb4 Bh3 23. Be4 Rfe8 24. Rd3 e6 25. Rc1 Rad8 26. Bc5 Bf8 27. Bb6 Rc8 28. Bh1 Bd6 29. e4 Qe7 30. Qh6 Bg4 31. f3 Bh5 32. e5 Bb4 33. g4 Qh4 34. Qe3 Be7 35. gxh5 Bg5 36. Qe1 Qxh5 37. Rc2 Kh8 38. Qe4 Rg8 39. Rg2 Qh6 40. Bc5 Rc7 41. Rg4 Rd7 42. Bg2 Bd8 43. b4 Qh5 44. Qf4 Qf5 45. Qxf5 exf5 46. Rg3 f4 47. Bh3 Rd5 48. Rg2 Re8 49. Re2 Bh4 50. Re4 g5 51. Bf1 Kg7 52. Be2 Kg6 53. Bd1 Kf5 54. Bb3 Rd7 55. d5 cxd5 56. Rxd5 Rxd5 57. Bxd5 Rd8 58. Bxb7 g4 59. fxg4+ Kxg4 60. Rd4 1-0